| 000 | 00676cam a2200265 4500 | ||
|---|---|---|---|
| 008 | 090401t1972 xxu||||| |||| 00| 0 eng d | ||
| 020 | _a0117215570 | ||
| 035 | _a(Sirsi) u25533 | ||
| 041 | _aeng | ||
| 050 | _a690 | ||
| 110 |
_aBuilding Research Station _9203 |
||
| 245 | _aHeat losses through ground floors. | ||
| 260 |
_aLondon _bHMSO _c1972 |
||
| 300 | _a4p. : ill. ; 30cm. | ||
| 350 | _a1.05 | ||
| 490 |
_aBRE Digest _v145 |
||
| 650 | _aGROUND FLOORS | ||
| 650 | _aHEAT LOSS | ||
| 650 | _aINSULATION | ||
| 650 | _aU-VALUES | ||
| 690 | _aBUILT ENVIRONMENT | ||
| 690 | _aBUILDING AND CONSTRUCTION-ENERGY CONSERVATION | ||
| 942 | _n0 | ||
| 948 | _c04/03/1997 | ||
| 999 |
_c88753 _d88753 |
||